Statistics for Real Betis Best Scorer By Year

Click here to take the quiz!

General Stats

  • This quiz has been taken 103 times
    (2 since last reset)
  • The average score is 6 of 36

Answer Stats

Player% Correct
Borja Iglesias
100%
Joaquín
100%
Achille Emaná
50%
Alfonso Pérez
50%
Juanmi
50%
Loren Morón
50%
Ricardo Oliveira
50%
Rubén Castro
50%
Willian José
50%
Alfredo Rojas
0%
Ángel Cuéllar
0%
Carlos Diarte
0%
Castaño
0%
Edu
0%
Eduardo Anzarda
0%
Enrique Morán
0%
Fernando
0%
Fernando Ansola
0%
Finidi George
0%
Gabriel Calderón
0%
Gerrie Mühren
0%
Giovani Lo Celso
0%
Hipólito Rincón
0%
Hugo Cabezas
0%
Jesús María Landa
0%
João Tomás
0%
Joaquín Parra
0%
José González
0%
José Luis
0%
Luis Aragonés
0%
Paco Machín
0%
Pepe Mel
0%
Pier
0%
Robert
0%
Rogelio Sosa
0%
Sergio León
0%

Score Distribution

Percentile by Number Answered

Percent of People with Each Score

Your Score History

You have not taken this quiz since the last reset